000 00610nam a2200217 a 4500
001 66684
003 BD-RjUL
005 20211209081552.0
008 740520s1958 maua b 001 0 eng
035 _a(BD-RjUL)66815
040 _aDLC
_cDLC
_dDLC
_dBD-RjUL
_beng
041 _aeng
082 0 0 _223
_a590
_bMOG 1958
100 1 _aMoment, Gairdner B.
_d1905-
_9197412
245 1 0 _aGeneral zoology /
_c Gairdner B. Moment.
260 _aBoston :
_bHoughton Mifflin,
_cc1958
300 _a632 p. :
_bill. :
_c25 cm.
504 _aIncludes bibliographies and index
650 0 _aZoology.
_9197413
942 _2ddc
_cBK
999 _c66684
_d66684